书目信息 |
| 题名: |
鸟谱
|
|
| 作者: | 卢济珍 编绘 | |
| 分册: | ||
| 出版信息: | 北京 人民美术出版社 1983 |
|
| 页数: | 111页 | |
| 开本: | 19cm | |
| 丛书名: | ||
| 单 册: | ||
| 中图分类: | J211.28 | |
| 科图分类: | ||
| 主题词: | 技法(美术)-花鸟画 , 绘画--技法(美术) , 花鸟画-技法(美术) | |
| 电子资源: | ||
| ISBN: | ||
| 000 | 00692nam0 2200253 45 | |
| 001 | 0183010589 | |
| 005 | 20060315095412.64 | |
| 010 | @dCNY0.60 | |
| 091 | @a8027.7823 | |
| 100 | @a19950509d1983 emky0chiy0121 ea | |
| 101 | 0 | @achi |
| 102 | @aCN@b110000 | |
| 105 | @aa z 000yy | |
| 200 | 10 | @a鸟谱@Aniao pu@f卢济珍编绘@Flu ji zhen bian hui |
| 210 | @a北京@c人民美术出版社@d1983 | |
| 215 | @a111页@c插图@d19cm | |
| 606 | @a技法(美术)-花鸟画 | |
| 606 | 0 | @a绘画@x技法(美术) |
| 606 | @a花鸟画-技法(美术) | |
| 690 | @aJ211.28 | |
| 701 | 0 | @a卢济珍@Alu ji zhen@4编绘 |
| 801 | 2 | @aCN@bNLC@c20060315 |
| 801 | 0 | @aCN@b上海图书馆@c20040513 |
| 905 | @f1@b159993@f1@b159995@dJ211.28@e48 | |
| 鸟谱/卢济珍编绘.-北京:人民美术出版社,1983 |
| 111页:插图;19cm |
| ISBN :CNY0.60 |
| ● |
| 相关链接 |
|
|
|
|
正题名:鸟谱
索取号:J211.28/48
 
预约/预借
| 序号 | 登录号 | 条形码 | 馆藏地/架位号 | 状态 | 备注 |
| 1 | 0159993 | 001469967 | 第一借阅区/ [索取号:J211.28/48] | 在馆 | |
| 2 | 0159994 | 202206264 | 密集书库/ [索取号:J211.28/48] | 在馆 | |
| 3 | 0159995 | 001214153 | 第一借阅区/ [索取号:J211.28/48] | 在馆 | |
| 4 | 0159997 | 001214162 | 第一样本阅览室/ [索取号:J211.28/48] | 在馆 |